00525nam a2200181 a 4500001001300000003000900013005001700022008004100039020001000080082001600090245007100106260004700177300000900224500003500233505001000268650003200278710003300310nice12345678IN_TiNIC20260116012353.0050524s1985 sina grp 000 0 eng  ac10000a203.23bCCA aCommunication Revolution and Nwicob the Challenge to the Churches aSingapurbChristian Conference Indiac1985 a131p aincludes index and biblioraphy2 aIndex aChristianity And Mass Media2 aChristian Conference of Asia